Statistics for States, Canada, Mexico

Click here to take the quiz!

General Stats

  • This quiz has been taken 42 times
  • The average score is 13 of 15

Answer Stats

% Correct
687kmWashington
100%
877kmMontana
97%
1,241kmTexas
97%
140kmCalifornia
94%
983kmMaine
94%
1,160kmMichigan
94%
499kmNorth Dakota
94%
372kmArizona
91%
880kmMinnesota
91%
179kmNew Mexico
91%
716kmNew York
85%
93kmNew Hampshire
82%
72kmIdaho
79%
145kmVermont
79%
2,475kmAlaska
73%

Score Distribution

Percentile by Number Answered

Percent of People with Each Score

Your Score History

You have not taken this quiz